| 000 | 004470000a22001810004500 | ||
|---|---|---|---|
| 003 | MACL | ||
| 005 | 20160101115042.0 | ||
| 008 | 160101b xxu||||| |||| 00| 0 eng d | ||
| 040 |
_aMACL _cMACL |
||
| 041 | _aEnglish | ||
| 082 | _a345/JHA | ||
| 100 |
_aJhabvala, Noshirvan H. _926131 |
||
| 245 | _aThe Indian penal Code | ||
| 260 |
_bC. jamnadas & Co _c1988 _aBombay |
||
| 350 | _a56 | ||
| 650 |
_aCrimnal law _926132 |
||
| 942 |
_cBK _k345/Jha _2ddc |
||
| 999 |
_c34066 _d34066 |
||